[Event "Open Vitrolles 2017/2018"]
[Site "Vitrolles"]
[Date "2018.01.20"]
[Round "5.3"]
[White "Chabaud, Philippe"]
[Black "Porte, Jacques"]
[Result "1-0"]
[WhiteElo "1430"]
[BlackElo "1320"]
[PlyCount "113"]

1. d4 Nf6 2. Bf4 d6 3. h3 g6 4. e3 Bg7 5. Nf3 O-O 6. Nbd2 Nbd7 7. Be2 b6 8. c3
Bb7 9. O-O c5 10. Rc1 Rc8 11. Re1 Re8 12. Qb3 e5 13. dxe5 dxe5 14. Bh2 h6 15.
Red1 Qe7 16. Bc4 a6 17. a4 e4 18. Nh4 Kf8 19. Nf1 Rc6 20. Rd2 b5 21. axb5 axb5
22. Bxb5 Rb6 23. c4 Ne5 24. Rcd1 Nfd7 25. Rxd7 Nxd7 26. Rxd7 Qxh4 27. Bd6+ Kg8
28. Bxc5 Bc6 29. Bxb6 Bxd7 30. Bxd7 Rb8 31. c5 Be5 32. Bc6 Qf6 33. Qd5 Qe7 34.
Qxe4 Bf6 35. Qf3 Kg7 36. b4 Bc3 37. b5 f6 38. Ng3 Qe6 39. Ne4 Be5 40. g4 Qb3
41. h4 Qe6 42. Ng3 Rc8 43. Bd5 Qe7 44. h5 Rxc5 45. Bxc5 Qxc5 46. hxg6 Bxg3 47.
fxg3 Qxb5 48. Qe4 Qc5 49. Kf2 Qa3 50. Kf3 Qd6 51. Be6 Qd1+ 52. Kg2 Qd2+ 53. Kg1
Qe1+ 54. Kh2 Qe2+ 55. Kh3 Qf1+ 56. Kh4 Qg1 57. Qb7+ 1-0

[Event "Open Vitrolles 2017/2018"]
[Site "Vitrolles"]
[Date "2018.01.20"]
[Round "5.4"]
[White "Misene, Milan"]
[Black "Bregier, Gerard"]
[Result "0-1"]
[WhiteElo "1344"]
[BlackElo "1394"]
[PlyCount "58"]

1. e4 g6 2. d4 d6 3. Nc3 Bg7 4. Be3 a6 5. h3 e6 6. Nf3 h6 7. Qd2 Ne7 8. Bd3 Nd7
9. O-O b6 10. Nh2 Bb7 11. f4 f5 12. exf5 Nxf5 13. Bxf5 gxf5 14. Nf3 Nf6 15. b4
Kd7 16. Ne5+ Ke8 17. Nf3 Ke7 18. Bf2 Qe8 19. Bh4 Qh5 20. Bxf6+ Bxf6 21. Rae1
Rag8 22. Kf2 Bxf3 23. gxf3 Bh4+ 24. Ke2 Rg2+ 25. Kd3 Rxd2+ 26. Kxd2 Bxe1+ 27.
Rxe1 d5 28. Nxd5+ Kd6 29. c4 exd5 0-1

[Event "Open Vitrolles 2017/2018"]
[Site "Vitrolles"]
[Date "2018.01.20"]
[Round "5.5"]
[White "Coquet, Bruno"]
[Black "Benoit-Lizon, Alain"]
[Result "0-1"]
[WhiteElo "1176"]
[BlackElo "1329"]
[PlyCount "90"]

1. e4 Nc6 2. Nf3 d5 3. exd5 Qxd5 4. Nc3 Qa5 5. Bc4 Bg4 6. d4 O-O-O 7. d5 Ne5 8.
Be2 Bxf3 9. Bxf3 e6 10. O-O Nf6 11. Re1 Nxf3+ 12. Qxf3 exd5 13. Bg5 Bb4 14.
Bxf6 gxf6 15. Qxf6 d4 16. a3 Bxc3 17. bxc3 Qxc3 18. Red1 c5 19. Qxf7 Rdf8 20.
Qd5 Qxc2 21. Rdc1 Qxf2+ 22. Kh1 Rd8 23. Rxc5+ Kb8 24. Qe5+ Ka8 25. Rac1 Rhg8
26. Qg7 Rge8 27. h3 d3 28. Qg4 a6 29. Kh2 d2 30. Rc8+ Rxc8 31. Rxc8+ Rxc8 32.
Qxc8+ Ka7 33. Qc2 Qf4+ 34. Kg1 Qe3+ 35. Kh2 Qe5+ 36. Kg1 Qe1+ 37. Kh2 Qc1 38.
Qxh7 d1=Q 39. Qh4 Qh1+ 40. Kg3 Qce1+ 41. Kg4 Qxh4+ 42. Kxh4 Qxg2 43. Kh5 Qxh3+
44. Kg5 Qxa3 45. Kg6 Kb6 0-1

[Event "Open Vitrolles 2017/2018"]
[Site "Vitrolles"]
[Date "2018.01.20"]
[Round "5.6"]
[White "Maccagno, Gilbert"]
[Black "Pau, Gerard"]
[Result "1-0"]
[WhiteElo "1369"]
[BlackElo "1105"]
[PlyCount "83"]

1. e4 e5 2. Nf3 Nc6 3. Bc4 Nf6 4. d3 Bc5 5. c3 d6 6. O-O b6 7. b4 Nxb4 8. cxb4
Bxb4 9. Qa4+ Bd7 10. Qxb4 O-O 11. h3 c5 12. Qe1 Bc6 13. Bg5 h6 14. Bh4 b5 15.
Bd5 Bxd5 16. exd5 Rc8 17. Nc3 c4 18. Ne4 cxd3 19. Nxf6+ gxf6 20. Nd2 Rc2 21.
Qe3 Kh7 22. Qxd3+ Kh8 23. Qxc2 Rg8 24. Qf5 Rg6 25. Ne4 Kg7 26. Rfc1 Rg5 27.
Bxg5 hxg5 28. Rc6 Qe7 29. Rac1 a5 30. Rxd6 Kf8 31. Rcc6 b4 32. Nxf6 a4 33. Qxg5
Qxf6 34. Qxf6 b3 35. axb3 axb3 36. Qxe5 Kg8 37. Qb2 f6 38. Qxb3 f5 39. Qg3+ Kf7
40. Qg6+ Kf8 41. Rc8+ Ke7 42. Qe6# 1-0

[Event "Open Vitrolles 2017/2018"]
[Site "Vitrolles"]
[Date "2018.01.20"]
[Round "5.7"]
[White "Mars, Florence"]
[Black "Blondelon, Claude"]
[Result "1-0"]
[WhiteElo "1156"]
[BlackElo "1257"]
[PlyCount "109"]

1. e4 e6 2. d4 d5 3. exd5 exd5 4. Nf3 Bd6 5. Bb5+ Bd7 6. Bxd7+ Nxd7 7. O-O Ne7
8. Re1 O-O 9. Nc3 c6 10. Be3 Qc7 11. g3 Rae8 12. Qd2 Ng6 13. Ne2 Nf6 14. Nf4
Ng4 15. Nxg6 fxg6 16. Nh4 Re7 17. Ng2 Rfe8 18. Bf4 Nf6 19. Bxd6 Qxd6 20. Rxe7
Rxe7 21. Re1 Nd7 22. Rxe7 Qxe7 23. Qe3 Qf6 24. Nf4 Nf8 25. Nd3 Nd7 26. Ne5 Qf5
27. Nxd7 Qxd7 28. Qf4 h6 29. Qb8+ Kh7 30. Qxa7 Qe7 31. Qc5 Qe2 32. Qc3 h5 33.
Qd3 Qe7 34. Kf1 Qd7 35. Qf3 Qh3+ 36. Qg2 Qf5 37. f3 Qe6 38. Qe2 Qd7 39. Kg2 Kg8
40. h4 Qf7 41. b3 b6 42. c4 Qf6 43. Qe5 dxc4 44. Qxf6 gxf6 45. bxc4 Kf7 46. Kf2
Ke6 47. Ke3 Kf5 48. d5 cxd5 49. Kd4 Ke6 50. cxd5+ Kd6 51. a4 Kd7 52. Kc4 Kd6
53. Kb5 g5 54. Kxb6 g4 55. f4 1-0

[Event "Open Vitrolles 2017/2018"]
[Site "Vitrolles"]
[Date "2018.02.03"]
[Round "6.1"]
[White "Reymond, Jean-Francois"]
[Black "Benoit-Lizon, Alain"]
[Result "0-1"]
[WhiteElo "1459"]
[BlackElo "1329"]
[PlyCount "112"]

1. e4 Nc6 2. Nf3 d5 3. e5 Bg4 4. d4 Bxf3 5. gxf3 e6 6. Be3 f6 7. f4 Nh6 8. Bh3
fxe5 9. fxe5 Qd7 10. Nd2 Nf5 11. Bxf5 exf5 12. Nf3 Be7 13. a3 h6 14. Qd3 O-O-O
15. h4 Rdf8 16. h5 f4 17. Bd2 Qg4 18. O-O-O Rhg8 19. Rdg1 Qf5 20. Qxf5+ Rxf5
21. c3 Na5 22. Kc2 Nc4 23. Bc1 c5 24. Rh3 cxd4 25. cxd4 Rf7 26. Rg4 Rgf8 27.
Nh4 Bg5 28. Ng6 Re8 29. Bxf4 Bxf4 30. Rxf4 Rxf4 31. Nxf4 Rf8 32. Nd3 Rf7 33. f4
Kd7 34. Rf3 Ke6 35. a4 Kf5 36. b3 Ke4 37. Rf2 Ne3+ 38. Kd2 Kxd4 39. Rf3 Nf5 40.
Nf2 Ne7 41. Rd3+ Kc5 42. Nh3 g6 43. hxg6 Nxg6 44. Ke3 h5 45. b4+ Kxb4 46. Rxd5
Kxa4 47. Ke4 b5 48. f5 Ne7 49. Rd7 Rg7 50. Rxa7+ Kb4 51. Nf4 Nxf5 52. Rxg7 Nxg7
53. Nxh5 Nxh5 54. e6 Kc5 55. Ke5 b4 56. e7 Ng7 0-1

[Event "Open Vitrolles 2017/2018"]
[Site "Vitrolles"]
[Date "2018.02.03"]
[Round "6.2"]
[White "Bregier, Gerard"]
[Black "Jullien, Patrick"]
[Result "1/2-1/2"]
[WhiteElo "1394"]
[BlackElo "1558"]
[PlyCount "47"]

1. g3 d5 2. Bg2 Nf6 3. d3 e5 4. e3 Bd6 5. Nd2 O-O 6. Ne2 Bg4 7. h3 Be6 8. b3
Nc6 9. Bb2 Qe7 10. a3 Rad8 11. O-O Rfe8 12. g4 h6 13. f4 Bc8 14. f5 e4 15. d4
Nb8 16. b4 Nh7 17. c4 c6 18. Qe1 Bc7 19. Rc1 Ng5 20. Qf2 b6 21. f6 Qd6 22. Qf4
Qd7 23. Qf2 Qd6 24. Qf4 1/2-1/2

[Event "Open Vitrolles 2017/2018"]
[Site "Vitrolles"]
[Date "2018.02.03"]
[Round "6.3"]
[White "Cens, Alain"]
[Black "Chabaud, Philippe"]
[Result "0-1"]
[WhiteElo "1413"]
[BlackElo "1430"]
[PlyCount "78"]

1. c4 b6 2. Nc3 Bb7 3. e4 e6 4. g3 d6 5. Bg2 Nf6 6. Nge2 Be7 7. a3 O-O 8. O-O
Nbd7 9. d3 Re8 10. b4 a6 11. h3 c5 12. Qb3 Qc7 13. f4 Rad8 14. Be3 Nf8 15. Rab1
d5 16. cxd5 exd5 17. e5 c4 18. Qc2 cxd3 19. Qxd3 Ne4 20. Rbc1 Nxc3 21. Rxc3 Qd7
22. Bxb6 Rc8 23. Rfc1 Rxc3 24. Rxc3 Bd8 25. Bxd8 Rxd8 26. Nd4 Ne6 27. Kf2 Nxd4
28. Qxd4 Bc6 29. Ke3 g6 30. Bf3 h5 31. g4 h4 32. Rc5 Qb7 33. f5 g5 34. Be2 Bb5
35. Bxb5 axb5 36. e6 Qb8 37. exf7+ Kxf7 38. Rxd5 Qg3+ 39. Ke2 Qg2+ 0-1

[Event "Open Vitrolles 2017/2018"]
[Site "Vitrolles"]
[Date "2018.02.03"]
[Round "6.4"]
[White "Misene, Milan"]
[Black "Estevez, Ange"]
[Result "0-1"]
[WhiteElo "1344"]
[BlackElo "1456"]
[PlyCount "122"]

1. e4 e5 2. Nf3 Nc6 3. Bb5 a6 4. Ba4 Nf6 5. O-O b5 6. Bb3 Be7 7. Re1 O-O 8. c3
d5 9. d3 dxe4 10. dxe4 Qxd1 11. Bxd1 Bg4 12. Nbd2 Rfd8 13. Bc2 h6 14. h3 Be6
15. Nf1 Bc5 16. Be3 Bxe3 17. Nxe3 g5 18. g4 Nd7 19. Nd5 Ra7 20. Rad1 Kg7 21. b4
Nf6 22. Nxf6 Kxf6 23. Bb3 Bxb3 24. Rxd8 Nxd8 25. axb3 Nc6 26. Rd1 Ke6 27. h4 f6
28. hxg5 hxg5 29. Ne1 Ra8 30. Nd3 a5 31. Nc5+ Ke7 32. Rd7+ Ke8 33. Rxc7 Ne7 34.
Rb7 a4 35. bxa4 bxa4 36. Rb5 a3 37. Ra5 Rxa5 38. bxa5 a2 39. Nb3 Kd7 40. Kf1
Nc6 41. Ke1 Nxa5 42. Na1 Nc4 43. Kd1 Kc6 44. Kc2 Kb5 45. Kb3 Nd2+ 46. Kxa2 Nxe4
47. f3 Nxc3+ 48. Kb3 Ne2 49. Nc2 Nd4+ 50. Nxd4+ exd4 51. Kc2 Kc4 52. Kd2 d3 53.
Kd1 Kc3 54. Kc1 Kc4 55. Kd2 Kd4 56. Ke1 Ke3 57. Kd1 Kxf3 58. Kd2 Kxg4 59. Kxd3
Kf3 60. Kd2 Kf2 61. Kd3 g4 0-1

[Event "Open Vitrolles 2017/2018"]
[Site "Vitrolles"]
[Date "2018.02.03"]
[Round "6.5"]
[White "Porte, Jacques"]
[Black "Maccagno, Gilbert"]
[Result "1-0"]
[WhiteElo "1320"]
[BlackElo "1369"]
[PlyCount "63"]

1. d4 Nf6 2. Nf3 d6 3. c4 g6 4. Bf4 Bg7 5. Nc3 O-O 6. e4 Nbd7 7. Qd2 c6 8. Be2
Qa5 9. a3 e5 10. b4 Qc7 11. Bh6 exd4 12. Bxg7 dxc3 13. Qh6 Ng4 14. Qh4 Kxg7 15.
Qxg4 Ne5 16. Qg3 Nxf3+ 17. gxf3 Qe7 18. O-O-O Qe5 19. f4 Qf6 20. h4 c2 21. Kxc2
Bf5 22. Rd2 Bxe4+ 23. Bd3 Bxd3+ 24. Rxd3 h5 25. Rg1 Rad8 26. Qg5 b6 27. Qxh5
Rh8 28. Qg5 Rh5 29. Qxh5 Rh8 30. Qg5 Qxg5 31. fxg5 Rd8 32. c5 1-0

[Event "Open Vitrolles 2017/2018"]
[Site "Vitrolles"]
[Date "2018.02.03"]
[Round "6.6"]
[White "Pau, Gerard"]
[Black "Mars, Florence"]
[Result "0-1"]
[WhiteElo "1105"]
[BlackElo "1156"]
[PlyCount "78"]

1. e4 c5 2. Bc4 e6 3. Nc3 Nc6 4. Nf3 Nf6 5. d3 d5 6. exd5 exd5 7. Qe2+ Be7 8.
Bb5 d4 9. Ne4 Nxe4 10. Qxe4 Qa5+ 11. c3 Qxb5 12. cxd4 Nxd4 13. Nxd4 Qb4+ 14.
Bd2 Qxd4 15. O-O Qxe4 16. dxe4 O-O 17. Bc3 Be6 18. b3 Rad8 19. Rae1 Rd3 20. Re3
Rxe3 21. fxe3 Rd8 22. h3 Rd3 23. Be1 Rxe3 24. Bf2 Rxe4 25. b4 Rxb4 26. a3 Ra4
27. Kh1 Rxa3 28. Kg1 c4 29. Re1 b5 30. Bd4 c3 31. Rc1 b4 32. Kh2 Bd6+ 33. Kh1
Bf5 34. Re1 Kf8 35. g4 Bg6 36. Re2 Rb3 37. Be3 c2 38. Bc1 Rb1 39. Re1 Bf4 0-1

[Event "Open Vitrolles 2017/2018"]
[Site "Vitrolles"]
[Date "2018.02.03"]
[Round "6.7"]
[White "Blondelon, Claude"]
[Black "Coquet, Bruno"]
[Result "0-1"]
[WhiteElo "1257"]
[BlackElo "1176"]
[PlyCount "34"]

1. d4 d5 2. c4 e5 3. e3 exd4 4. exd4 Nf6 5. Be2 Bb4+ 6. Bd2 Nc6 7. Nf3 O-O 8.
O-O Bf5 9. Bxb4 Nxb4 10. Nc3 Re8 11. Ne5 c5 12. Bd3 cxd4 13. Bxf5 Rxe5 14. Nxd5
Nbxd5 15. Bxh7+ Nxh7 16. cxd5 Qxd5 17. Qc2 Rae8 0-1

[Event "Open Vitrolles 2017/2018"]
[Site "Vitrolles"]
[Date "2018.02.17"]
[Round "7.1"]
[White "Chabaud, Philippe"]
[Black "Reymond, Jean-Francois"]
[Result "1-0"]
[WhiteElo "1430"]
[BlackElo "1459"]
[PlyCount "77"]

1. d4 d5 2. Bf4 c6 3. e3 Nf6 4. h3 e6 5. Nf3 Ne4 6. Bd3 Be7 7. c3 O-O 8. Qc2 f5
9. Nbd2 Nd7 10. c4 b6 11. O-O Bb7 12. Rac1 Rc8 13. Ne5 Nxe5 14. Bxe5 c5 15.
Nxe4 dxe4 16. Be2 Bd6 17. Bxd6 Qxd6 18. Rfd1 cxd4 19. Rxd4 Qe7 20. Rcd1 Rc7 21.
Qd2 Bc6 22. b4 Rd7 23. Rxd7 Bxd7 24. Qxd7 Qf6 25. b5 f4 26. exf4 Qxf4 27. Qxe6+
Kh8 28. Rf1 h6 29. g3 Qb8 30. Qxe4 Re8 31. Qf3 Qd6 32. Rd1 Qb4 33. Qg4 Qc5 34.
Rd7 Qe5 35. Kg2 Rf8 36. Bd3 Qf6 37. Qd4 Qf3+ 38. Kg1 Qd1+ 39. Bf1 1-0

[Event "Open Vitrolles 2017/2018"]
[Site "Vitrolles"]
[Date "2018.02.17"]
[Round "7.2"]
[White "Jullien, Patrick"]
[Black "Porte, Jacques"]
[Result "1/2-1/2"]
[WhiteElo "1558"]
[BlackElo "1320"]
[PlyCount "72"]

1. e4 c5 2. Nc3 e6 3. Nf3 Nc6 4. d4 cxd4 5. Nxd4 d6 6. Be3 Bd7 7. Be2 Nf6 8.
O-O Be7 9. Qd2 O-O 10. Rad1 a6 11. Nf3 Qc7 12. Bf4 Ne5 13. Nxe5 dxe5 14. Be3
Rac8 15. a3 Rfd8 16. f4 Bc6 17. Bd3 Nxe4 18. Nxe4 Bxe4 19. Qf2 Bxd3 20. cxd3
exf4 21. Bxf4 Bd6 22. Rc1 Qd7 23. Rxc8 Rxc8 24. Bxd6 Qxd6 25. Qxf7+ Kh8 26.
Qxb7 Qc5+ 27. Kh1 Qc1 28. Qf7 h6 29. h3 Qxb2 30. Qxe6 Qb7 31. Qe4 Qb3 32. g4
Rd8 33. Rf3 a5 34. Qc4 Qb1+ 35. Kh2 Qb8+ 36. Kg1 Qb1+ 1/2-1/2

[Event "Open Vitrolles 2017/2018"]
[Site "Vitrolles"]
[Date "2018.02.17"]
[Round "7.3"]
[White "Benoit-Lizon, Alain"]
[Black "Bregier, Gerard"]
[Result "1/2-1/2"]
[WhiteElo "1329"]
[BlackElo "1394"]
[PlyCount "100"]

1. e4 d6 2. d4 g6 3. Nc3 Bg7 4. h4 h6 5. Be3 a6 6. Qd2 e6 7. Bd3 Nd7 8. h5 g5
9. f4 f6 10. fxg5 fxg5 11. e5 Ne7 12. exd6 cxd6 13. Nh3 Nf5 14. Nxg5 hxg5 15.
Bxg5 Bf6 16. Bxf6 Qxf6 17. O-O-O Qh6 18. Qxh6 Rxh6 19. g4 Ng3 20. Bg6+ Ke7 21.
Rh3 Nf8 22. Rxg3 Nxg6 23. hxg6 Rxg6 24. g5 Bd7 25. Ne4 Rf8 26. c4 Rf5 27. Rdg1
Rf4 28. Re3 Bc6 29. d5 Bd7 30. c5 dxc5 31. d6+ Kd8 32. Nxc5 Rc4+ 33. Rc3 Rxc3+
34. bxc3 Bc6 35. Kd2 a5 36. Ke3 b6 37. Ne4 Kd7 38. Kd4 Bxe4 39. Kxe4 Kxd6 40.
Rd1+ Kc5 41. Kf4 b5 42. Rd8 Kc6 43. Rc8+ Kd6 44. c4 bxc4 45. Rxc4 Rg8 46. Ra4
e5+ 47. Kf5 Kd5 48. Rxa5+ Kd4 49. Rxe5 Rxg5+ 50. Kxg5 Kxe5 1/2-1/2

[Event "Open Vitrolles 2017/2018"]
[Site "Vitrolles"]
[Date "2018.02.17"]
[Round "7.4"]
[White "Maccagno, Gilbert"]
[Black "Cens, Alain"]
[Result "1/2-1/2"]
[WhiteElo "1369"]
[BlackElo "1413"]
[PlyCount "95"]

1. e4 c5 2. Nf3 d6 3. c3 Nc6 4. h3 g6 5. Bd3 Bg7 6. Bc2 Nf6 7. d3 Bd7 8. Nbd2
b5 9. O-O O-O 10. Re1 Qb6 11. Nb3 a5 12. d4 a4 13. dxc5 dxc5 14. Nbd2 Rfd8 15.
Qe2 e5 16. Rd1 Nh5 17. Qf1 Nf4 18. Kh2 Bf6 19. Ng1 Be6 20. g3 Nh5 21. Ngf3 Rd7
22. Qe1 Rad8 23. Nf1 Bc4 24. Rxd7 Rxd7 25. Ne3 Be6 26. b3 axb3 27. axb3 Be7 28.
Ng2 Nf6 29. Ng5 Nd8 30. Nf3 Nc6 31. Bh6 Bf8 32. Bxf8 Kxf8 33. Ng5 Ke7 34. Nxe6
Kxe6 35. Rd1 Rxd1 36. Qxd1 b4 37. Qd3 bxc3 38. Qc4+ Ke7 39. Qxc3 Qb4 40. Qxb4
cxb4 41. f3 Nd4 42. Bd1 Nd7 43. Ne3 Nb6 44. Kg2 Kd6 45. Kf2 Kc5 46. Ke1 Ne6 47.
h4 Kd4 48. Kd2 1/2-1/2

[Event "Open Vitrolles 2017/2018"]
[Site "Vitrolles"]
[Date "2018.02.17"]
[Round "7.5"]
[White "Estevez, Ange"]
[Black "Blondelon, Claude"]
[Result "1-0"]
[WhiteElo "1456"]
[BlackElo "1257"]
[PlyCount "113"]

1. e4 e6 2. d4 d5 3. Nc3 dxe4 4. Nxe4 Nd7 5. Nf3 Ngf6 6. Nc3 Be7 7. Bd3 c6 8.
Bf4 Nd5 9. Nxd5 exd5 10. O-O O-O 11. Re1 Re8 12. c3 Nf8 13. Qc2 Be6 14. h3 Qc8
15. Kh2 Bf6 16. Re2 Bd7 17. Rae1 Rxe2 18. Rxe2 Be6 19. Qd1 Bf5 20. Bg3 Bxd3 21.
Qxd3 Ng6 22. b4 Qf8 23. Qd1 Re8 24. Qe1 Rxe2 25. Qxe2 Qe7 26. Qxe7 Bxe7 27. Bb8
a6 28. g3 Kf8 29. h4 Ke8 30. Nd2 Kd7 31. Ba7 Kc7 32. Bc5 Bf6 33. h5 Ne7 34.
Bxe7 Bxe7 35. f4 h6 36. Kh3 f6 37. Kg4 Kd6 38. Kf5 Bf8 39. a4 b6 40. Nb3 Kd7
41. a5 bxa5 42. bxa5 Ba3 43. Kg6 Ke6 44. g4 Bb2 45. f5+ Ke7 46. Kxg7 Bxc3 47.
Kxh6 Kf7 48. Kh7 Be1 49. Kh6 Bh4 50. Nc5 Be1 51. Nxa6 Bxa5 52. Nb8 Bd2+ 53. Kh7
Be3 54. Nxc6 Bf2 55. Nd8+ Kf8 56. Kg6 Bh4 57. h6 1-0

[Event "Open Vitrolles 2017/2018"]
[Site "Vitrolles"]
[Date "2018.02.17"]
[Round "7.6"]
[White "Coquet, Bruno"]
[Black "Pau, Gerard"]
[Result "1-0"]
[WhiteElo "1176"]
[BlackElo "1105"]
[PlyCount "105"]

1. e4 e5 2. Nf3 Nc6 3. Bb5 Nf6 4. Bxc6 bxc6 5. Nxe5 Qe7 6. d4 Nxe4 7. O-O Bb7
8. Re1 c5 9. Bf4 g5 10. Bg3 Nxg3 11. Nf3 Ne4 12. Nc3 O-O-O 13. Nxe4 Bxe4 14.
dxc5 f5 15. Nd4 Bg7 16. Nxf5 Qxc5 17. Nxg7 Bb7 18. Qd3 Rhf8 19. Re2 Qc6 20. f3
Qb6+ 21. Qe3 Qxb2 22. Qe5 Qb6+ 23. Qe3 Qf6 24. Qe5 Qg6 25. Rae1 g4 26. f4 g3
27. h3 Rg8 28. Nf5 Qb6+ 29. Qe3 Qxe3+ 30. Rxe3 Bd5 31. Ne7+ Kb8 32. Nxg8 Rxg8
33. Re8+ Rxe8 34. Rxe8+ Kb7 35. a3 d6 36. c3 h5 37. Rh8 Bf7 38. f5 c5 39. f6
Kc6 40. Rh7 Bg6 41. Rxa7 d5 42. Rg7 Be8 43. Rxg3 d4 44. cxd4 cxd4 45. Kf2 Kd5
46. Rg7 Ke6 47. Re7+ Kxf6 48. Rxe8 d3 49. Ke1 Kf5 50. Kd2 Kf4 51. Kxd3 Kg3 52.
Rg8+ Kh2 53. a4 1-0

[Event "Open Vitrolles 2017/2018"]
[Site "Vitrolles"]
[Date "2018.02.17"]
[Round "7.7"]
[White "Mars, Florence"]
[Black "Misene, Milan"]
[Result "1/2-1/2"]
[WhiteElo "1156"]
[BlackElo "1344"]
[PlyCount "56"]

1. e4 c5 2. c4 Nc6 3. Nf3 g6 4. d4 cxd4 5. Nxd4 Bg7 6. Nxc6 bxc6 7. Be2 d6 8.
O-O Nf6 9. Nc3 O-O 10. Be3 e5 11. h3 Qc7 12. Qc2 Be6 13. Rfd1 Rfd8 14. Rd2 d5
15. cxd5 cxd5 16. Nxd5 Qxc2 17. Nxf6+ Bxf6 18. Rxc2 Be7 19. Rc7 Rd7 20. Rxd7
Bxd7 21. Rd1 Bc6 22. f3 a5 23. Rc1 Be8 24. Kf2 Kg7 25. Rc7 Bd6 26. Ra7 Rb8 27.
Rxa5 Rxb2 28. a4 Bc7 1/2-1/2

[Event "Open Vitrolles 2017/2018"]
[Site "Vitrolles"]
[Date "2018.03.24"]
[Round "8"]
[White "Blondelon, Claude"]
[Black "Chabaud, Philippe"]
[Result "0-1"]
[WhiteElo "1257"]
[BlackElo "1430"]
[PlyCount "188"]

1. d4 b6 2. Nf3 Bb7 3. e3 d6 4. g3 Nf6 5. Bg2 Nbd7 6. Nc3 e6 7. O-O Be7 8. Re1
O-O 9. b3 c5 10. dxc5 Nxc5 11. Re2 Nce4 12. Nxe4 Nxe4 13. Bb2 Qc7 14. c4 Rfd8
15. Rc1 e5 16. Nd2 Nc5 17. Bxb7 Qxb7 18. Qc2 Rac8 19. Qf5 g6 20. Qg4 Nd3 21.
Rc2 Nxb2 22. Rxb2 f5 23. Qh3 d5 24. Qg2 e4 25. Rc2 dxc4 26. bxc4 Qa6 27. Qf1
Rd3 28. Qb1 Rcd8 29. Kg2 Qa3 30. Qb2 Qa5 31. Nb3 Qb4 32. Nd4 Qxb2 33. Rxb2 Bc5
34. Ne6 Rc8 35. Nxc5 Rxc5 36. Rbc2 Kf7 37. Re1 Ke6 38. Rec1 Kd6 39. Kf1 Kc6 40.
Ke2 Ra5 41. h3 Kc5 42. Rb2 a6 43. h4 h5 44. Rcc2 Raa3 45. Rc1 Rd6 46. Rbc2 a5
47. Rb2 Rad3 48. Rb5+ Kc6 49. Rb2 a4 50. Rcb1 Kc7 51. Rc2 Rc6 52. Rbc1 Kb7 53.
Rb2 Ka6 54. Rb4 a3 55. Rcb1 Rcd6 56. Kf1 Rc3 57. Kg2 Rc6 58. R1b3 R3xc4 59.
Rxc4 Rxc4 60. Rxa3+ Kb5 61. Kf1 Rc2 62. Rb3+ Kc5 63. a3 b5 64. Ke1 Kc4 65. Rb4+
Kd3 66. Rd4+ Kc3 67. Rd1 Kb3 68. Rb1+ Rb2 69. Ra1 Ka4 70. Rd1 Kxa3 71. Rd6 Rb1+
72. Ke2 Rb2+ 73. Kf1 b4 74. Rxg6 b3 75. Ra6+ Kb4 76. Kg2 Ra2 77. Rb6+ Kc3 78.
Rb5 b2 79. Rxf5 b1=Q 80. Rxh5 Ra1 81. Rc5+ Kd2 82. Kh3 Qh1+ 83. Kg4 Qf3+ 84.
Kg5 Ra6 85. Rf5 Qe2 86. h5 Ra7 87. h6 Qc4 88. Rf6 Qg8+ 89. Kf4 Qh7 90. g4 Ra5
91. g5 Qc7+ 92. Kg4 Qe5 93. Rg6 Qf5+ 94. Kg3 Qxg6 0-1

[Event "Open Vitrolles 2017/2018"]
[Site "Vitrolles"]
[Date "2018.03.24"]
[Round "8"]
[White "Estevez, Ange"]
[Black "Jullien, Patrick"]
[Result "1/2-1/2"]
[WhiteElo "1456"]
[BlackElo "1558"]
[PlyCount "41"]

1. e4 e5 2. Nf3 Nc6 3. Bc4 Bc5 4. c3 Nf6 5. d4 exd4 6. cxd4 Bb4+ 7. Bd2 Bxd2+
8. Nbxd2 d5 9. exd5 Nxd5 10. O-O O-O 11. Re1 Nb6 12. Bb3 Bg4 13. Qc2 Nxd4 14.
Nxd4 Qxd4 15. Re7 Rad8 16. Nf3 Bxf3 17. gxf3 Rd7 18. Rae1 Qf4 19. Qe4 Qg5+ 20.
Kh1 Qc5 21. Rxd7 1/2-1/2

[Event "Open Vitrolles 2017/2018"]
[Site "Vitrolles"]
[Date "2018.03.24"]
[Round "8"]
[White "Benoit-Lizon, Alain"]
[Black "Mars, Florence"]
[Result "0-1"]
[WhiteElo "1329"]
[BlackElo "1156"]
[PlyCount "102"]

1. e4 c5 2. d4 cxd4 3. c3 dxc3 4. Nxc3 Nc6 5. Nf3 Nf6 6. e5 Ng4 7. Bf4 d6 8.
exd6 exd6 9. Be2 a6 10. O-O Be7 11. Re1 O-O 12. Rc1 Be6 13. a3 d5 14. h3 Nf6
15. Bd3 h6 16. Qd2 Ne4 17. Nxe4 dxe4 18. Rxe4 Bf5 19. Re3 Bxd3 20. Rxd3 Qa5 21.
b4 Qf5 22. g4 Qg6 23. Ne5 Nxe5 24. Bxe5 Rad8 25. Rxd8 Rxd8 26. Qe2 Qd3 27. Qxd3
Rxd3 28. Rc3 Rxc3 29. Bxc3 b5 30. Kf1 Bg5 31. Bb2 g6 32. Ke2 Kf8 33. Kd3 Ke7
34. Ke4 Ke6 35. f4 f5+ 36. gxf5+ gxf5+ 37. Ke3 Bh4 38. Kd4 Bf6+ 39. Kc5 Bxb2
40. Kb6 Bxa3 41. Kxa6 Bxb4 42. Kxb5 Bd2 43. Kc4 Bxf4 44. Kd3 Kd5 45. Ke2 Ke4
46. Kf2 h5 47. Ke2 Bg3 48. Kf1 f4 49. Kg2 Ke3 50. Kf1 f3 51. Kg1 Ke2 0-1

[Event "Open Vitrolles 2017/2018"]
[Site "Vitrolles"]
[Date "2018.03.24"]
[Round "8"]
[White "Reymond, Jean-Francois"]
[Black "Maccagno, Gilbert"]
[Result "0-1"]
[WhiteElo "1459"]
[BlackElo "1369"]
[PlyCount "114"]

1. c4 d6 2. Nc3 Nf6 3. g3 c6 4. Bg2 b6 5. d4 Bb7 6. e3 Qc8 7. Nge2 Nbd7 8. O-O
g6 9. Rb1 Bg7 10. b3 O-O 11. e4 e5 12. d5 cxd5 13. Nxd5 Nxd5 14. cxd5 Ba6 15.
Be3 Nc5 16. Rc1 Qd8 17. Rc3 Rc8 18. Bf3 Nb7 19. b4 Rxc3 20. Nxc3 Bxf1 21. Qxf1
Qb8 22. Be2 Rc8 23. Bd2 a5 24. a3 axb4 25. axb4 Rd8 26. Bb5 Qc7 27. Bc6 Rb8 28.
Qa6 Bf8 29. Qa7 Kg7 30. Nb5 Qc8 31. f4 f6 32. Qxb6 Nd8 33. Qa7+ Kg8 34. Bd7 Qb7
35. Bc3 Qxa7+ 36. Nxa7 Rb7 37. Nc6 Rxd7 38. b5 Nb7 39. b6 Be7 40. Nb8 Rd8 41.
Nc6 Kf8 42. Nxd8 Bxd8 43. Kg2 Bxb6 44. Kf3 Kf7 45. h4 h6 46. g4 Bc7 47. Bd2 Kg7
48. f5 g5 49. h5 Nc5 50. Ke3 Kf7 51. Bb4 Ke7 52. Ba3 Nb3 53. Kd3 Kd7 54. Kc4
Nd4 55. Kd3 Bb6 56. Bc1 Bc5 57. Be3 Nf3 0-1

[Event "Open Vitrolles 2017/2018"]
[Site "Vitrolles"]
[Date "2018.03.24"]
[Round "8"]
[White "Porte, Jacques"]
[Black "Coquet, Bruno"]
[Result "0-1"]
[WhiteElo "1320"]
[BlackElo "1176"]
[PlyCount "112"]

1. d4 d5 2. Nf3 Bf5 3. e3 e6 4. Nc3 c5 5. Bb5+ Nc6 6. Ne5 Rc8 7. Nf3 Nf6 8. O-O
cxd4 9. Nxd4 Bg4 10. f3 Bh5 11. Nde2 Bc5 12. Nf4 O-O 13. Nxh5 Nxh5 14. Kh1 Qh4
15. Ne2 Rfd8 16. g3 Qh3 17. g4 Bd6 18. f4 Qxg4 19. Qe1 Nb4 20. Nd4 Nxc2 21.
Nxc2 Rxc2 22. Bd2 Rxb2 23. Be2 Qf5 24. Bc3 Rc2 25. Rb1 Rxa2 26. Rd1 Rc8 27. Bd3
Qh3 28. Bd2 d4 29. Qf2 dxe3 30. Qxe3 Qxe3 31. Bxe3 Ra3 32. Bd4 f5 33. Rg1 Bxf4
34. Be2 e5 35. Bb2 Rh3 36. Rg2 Ng3+ 37. Kg1 Nxe2+ 38. Rxe2 g5 39. Bxe5 Bxe5 40.
Rxe5 Rf8 41. Rd7 Rb3 42. Ree7 Rb1+ 43. Kf2 Rb2+ 44. Ke3 Rxh2 45. Rg7+ Kh8 46.
Rxg5 f4+ 47. Ke4 f3 48. Rd1 f2 49. Rf5 Rxf5 50. Kxf5 Rg2 51. Rf1 h5 52. Kf6 h4
53. Rd1 Rg8 54. Rf1 h3 55. Rh1 f1=Q+ 56. Rxf1 Rf8+ 0-1

[Event "Open Vitrolles 2017/2018"]
[Site "Vitrolles"]
[Date "2018.03.24"]
[Round "8"]
[White "Cens, Alain"]
[Black "Misene, Milan"]
[Result "1-0"]
[WhiteElo "1413"]
[BlackElo "1344"]
[PlyCount "110"]

1. c4 e5 2. Nc3 Nf6 3. g3 d5 4. cxd5 Nxd5 5. Bg2 Be6 6. Nf3 Nc6 7. d3 Be7 8.
Bd2 O-O 9. O-O a6 10. Rc1 Nb6 11. a3 Rb8 12. Na4 Nxa4 13. Qxa4 Qd7 14. Rfe1 f5
15. Bc3 Bf6 16. b4 Nd4 17. Qxd7 Nxf3+ 18. Bxf3 Bxd7 19. Bd2 c6 20. Bc3 Rbd8 21.
h4 h5 22. Bxh5 Be8 23. Bf3 e4 24. dxe4 Bxc3 25. Rxc3 Bg6 26. exf5 Bxf5 27. Bg2
Rd2 28. e4 Be6 29. f4 Rfd8 30. Bf3 R8d3 31. Rxd3 Rxd3 32. Kf2 Rxa3 33. f5 Bf7
34. Rd1 Ra2+ 35. Ke3 Kf8 36. Rd8+ Ke7 37. Rb8 b5 38. Rb7+ Kf8 39. Rb6 Be8 40.
e5 Ra3+ 41. Kf4 a5 42. bxa5 Rxa5 43. Bxc6 Bxc6 44. Rxc6 b4 45. Rb6 Ra4 46. Kg5
Ra3 47. Rxb4 Rxg3+ 48. Rg4 Re3 49. e6 Ke7 50. Kg6 Rf3 51. Rg5 Rf4 52. Kxg7 Rxh4
53. f6+ Kxe6 54. f7 Rh7+ 55. Kxh7 Kxf7 1-0

[Event "Open Vitrolles 2017/2018"]
[Site "Vitrolles"]
[Date "0001.01.01"]
[Round "8"]
[White "Pau, Gerard"]
[Black "Bregier, Gerard"]
[Result "0-1"]
[WhiteElo "1105"]
[BlackElo "1394"]
[PlyCount "48"]

1. e4 g6 2. Bc4 Bg7 3. Nf3 e6 4. Qe2 a6 5. c3 Ne7 6. O-O d6 7. d4 Nd7 8. Nbd2
h6 9. b3 O-O 10. a4 b6 11. Re1 Bb7 12. Nf1 c5 13. Ba3 d5 14. exd5 Nxd5 15. Qd2
Kh7 16. Ne3 N7f6 17. Nxd5 Nxd5 18. Ne5 Qc7 19. g3 Rfd8 20. Qc2 Rac8 21. Bd3 Ne7
22. dxc5 Bxe5 23. cxb6 Qc6 24. Bxe7 Qg2# 0-1